Le cerveau et ses fonctions / (Record no. 158276)

MARC details
000 -LEADER
campo de control de longitud fija 00816nam a22002415i 4500
001 - NÚMERO DE CONTROL
campo de control 158276
003 - IDENTIFICADOR DE NÚMERO DE CONTROL
campo de control ES-MaACL
005 - FECHA Y HORA DE LA ÚLTIMA TRANSACCIÓN
campo de control 20251003063140.0
008 - DATOS DE LONGITUD FIJA--INFORMACIÓN GENERAL
campo de control de longitud fija 001108s1876 fr a |||| | fre d
040 ## - FUENTE DE CATALOGACIÓN
Centro catalogador/agencia de origen CCPB | B
Lengua de catalogación spa
Centro/agencia transcriptor CCPB | B
080 ## - NÚMERO DE LA CLASIFICACIÓN DECIMAL UNIVERSAL
Número de la Clasificación Decimal Universal 612.82
080 ## - NÚMERO DE LA CLASIFICACIÓN DECIMAL UNIVERSAL
Número de la Clasificación Decimal Universal 611.81
100 1# - ENTRADA PRINCIPAL--NOMBRE DE PERSONA
Nombre de persona Luys, Jules,
Fechas asociadas al nombre 1828-1897
9 (RLIN) 147527
245 13 - MENCIÓN DEL TÍTULO
Título Le cerveau et ses fonctions /
Mención de responsabilidad, etc. par J. Luys.
260 ## - PUBLICACIÓN, DISTRIBUCIÓN, ETC.
Lugar de publicación, distribución, etc. Paris :
Nombre del editor, distribuidor, etc. Librairie Germer Baillière et Cie.,
Fecha de publicación, distribución, etc. 1876.
300 ## - DESCRIPCIÓN FÍSICA
Extensión XI, 260 p. :
Otras características físicas il. ;
Dimensiones 21 cm.
490 1# - MENCIÓN DE SERIE
Mención de serie Bibliothèque scientifique Iiternationale ;
Designación de volumen o secuencia 19
650 #4 - PUNTO DE ACCESO ADICIONAL DE MATERIA--TÉRMINO DE MATERIA
Término de materia o nombre geográfico como elemento de entrada Cerebro.
9 (RLIN) 10903
830 0# - PUNTO DE ACCESO ADICIONAL DE SERIE-TÍTULO UNIFORME
Título uniforme Bibliothèque scientifique Iiternationale ;
Designación de volumen o secuencia 19
9 (RLIN) 221843
852 ## - LOCALIZACIÓN
Ubicación ES-MaACL
Número de control de estantería D-4847
Nota libre -- Enc. editorial en tela
852 ## - LOCALIZACIÓN
Ubicación ES-MaACL
Número de control de estantería F-14349
Nota libre -- Enc. tela
Holdings
Estatus retirado Estado de pérdida Estado de daño No para préstamo Colección Biblioteca de origen Biblioteca actual Ubicación en estantería Fecha de adquisición Fuente de adquisición Total de préstamos Signatura topográfica completa Código de barras Visto por última vez Precio de reemplazo Tipo de ítem Koha
        Libros del s. XIX Biblioteca del Ateneo de Madrid Biblioteca del Ateneo de Madrid Sala Pecera Planta 2 17/01/2008     F-14349 1165653 23/02/2023 23/02/2023 Libro impreso antiguo
        Libros del s. XIX Biblioteca del Ateneo de Madrid Biblioteca del Ateneo de Madrid Sala Valle Inclán 17/01/2008     D-4847 901165652 23/02/2023 23/02/2023 Libro impreso antiguo